| 000 | 00996nam a2200337 a 4500 | ||
|---|---|---|---|
| 001 | vtls000166934 | ||
| 003 | NLI | ||
| 005 | 20210602103935.0 | ||
| 008 | 101125s1988 enk 001 0 eng | ||
| 020 |
_a0043012175 : _cPND 6.50 |
||
| 020 | _a004301238 | ||
| 039 | 9 |
_y201011251731 _zVLOAD |
|
| 040 |
_aNLI _beng _cDatasoft 1 _eAACR2 |
||
| 041 | 0 | _aeng | |
| 044 | _aenk | ||
| 082 | 0 | 4 | _a301.36 |
| 100 | 1 |
_aHolton, R. J. _9230369 |
|
| 245 | 1 | 0 |
_aCities, capitalism and civilization / _cR.J. Holton |
| 260 |
_aLondon : _bAllen & Unwin, _cc1988 |
||
| 300 |
_a163 p. ; _c23 cm. |
||
| 440 | 0 |
_aControversies in sociology ; _v20 _980337 |
|
| 504 | _aIncludes bibliographical references and index | ||
| 650 | 0 |
_aSociology, Urban _xMethodology _9309476 |
|
| 650 | 0 | _aUrbanization | |
| 650 | 0 |
_aCapitalism _xHistory _9221194 |
|
| 887 | _a | ||
| 901 |
_a493117 _b17.12.1986 |
||
| 902 | _aE 301.36 H 744 | ||
| 942 |
_2ddc _cBKS |
||
| 949 |
_AVIRTUAITEM _D10000 _X100 _6PUR000493117ENG |
||
| 999 |
_aVIRTUA40 _c172000 _d172000 |
||